[Event "Titled Tue 26th Aug Late"]
[Site "chess.com INT"]
[Date "2025.08.26"]
[Round "8"]
[White "Silva Hernandez, Jesus Arturo"]
[Black "Ellison, Jeremy"]
[Result "0-1"]
[WhiteTitle "CM"]
[BlackTitle "CM"]
[WhiteElo "1953"]
[BlackElo "1819"]
[WhiteFideId "5121000"]
[BlackFideId "241000030"]
[EventDate "2025.08.26"]

1. d4 Nf6 2. Bf4 c6 3. e3 d5 4. c4 Bf5 5. Qb3 Qb6 6. c5 Qxb3 7. axb3 a6 8. b4
Nbd7 9. Nc3 Nh5 10. b5 Nxf4 11. exf4 cxb5 12. Nxb5 Rc8 13. Nc3 e6 14. b4 Be7 15.
Nf3 Bf6 16. b5 axb5 17. Nxb5 O-O 18. Nd6 Rc6 19. Bb5 Rc7 20. O-O Nxc5 21. dxc5
Bxa1 22. Rxa1 Rxc5 23. Ne5 f6 24. Nd7 Rd8 25. Nxc5 Rxd6 26. Ra8+ Kf7 27. Ra7 Rb6
28. Rxb7+ Rxb7 29. Nxb7 e5 30. Nd6+ Ke6 31. Nxf5 Kxf5 32. fxe5 fxe5 33. Kf1 g5
34. Ke2 h5 35. Ke3 Ke6 36. Be8 h4 37. Bg6 Kf6 38. Bc2 Ke6 39. Kf3 Kf6 40. Kg4 e4
41. h3 Kg6 42. Bb1 Kf6 43. Bc2 Kg6 44. f4 gxf4 45. Kxf4 Kf6 46. Bb1 Ke6 47. Bc2
Kf6 48. Bd1 Ke6 49. Be2 Kd6 50. Ke3 Ke5 51. Bh5 d4+ 52. Kd2 Kf4 53. Bg6 Ke5 54.
Bh7 Kf4 55. Ke2 Ke5 56. Bg6 Kf4 57. Bh7 Ke5 58. Kf2 Kf4 59. Bg8 d3 60. Bb3 e3+
61. Ke1 Kg3 62. Bd5 Kf4 63. Bf3 Kg3 64. Kd1 Kf2 0-1

[Event "Titled Tue 26th Aug Late"]
[Site "chess.com INT"]
[Date "2025.08.26"]
[Round "8"]
[White "Rogov, Matfey"]
[Black "Henriquez Villagra, Cristobal"]
[Result "0-1"]
[WhiteTitle "FM"]
[BlackTitle "GM"]
[WhiteElo "2348"]
[BlackElo "2592"]
[WhiteFideId "44191308"]
[BlackFideId "3409350"]
[EventDate "2025.08.26"]

1. e4 c6 2. d4 d5 3. f3 g6 4. Nc3 Bg7 5. Be3 Qb6 6. Qd2 Qxb2 7. Rb1 Qa3 8. h4 h5
9. exd5 Nf6 10. dxc6 bxc6 11. Bc4 O-O 12. Nge2 Nbd7 13. O-O Nb6 14. Bb3 Ba6 15.
Rfe1 Rad8 16. Bh6 c5 17. Bxg7 Kxg7 18. Qg5 c4 19. Ba4 Nbd5 20. Qd2 e6 21. Bc6
Nxc3 22. Nxc3 Qd6 23. Bb7 Bxb7 24. Rxb7 Qxd4+ 25. Qxd4 Rxd4 26. Rxa7 Rb8 27. a4
Rb2 28. Re2 Rxh4 29. a5 Rd4 30. a6 Rd6 31. Rb7 Rxb7 32. axb7 Rb6 33. Ne4 Rxb7
34. Nd6 Rc7 35. Rd2 Rc6 36. Rd4 c3 37. Rd3 Nd5 38. Ne4 f5 39. Nf2 Nb4 40. Re3
Nxc2 41. Rxe6 Rxe6 0-1

[Event "Titled Tue 26th Aug Late"]
[Site "chess.com INT"]
[Date "2025.08.26"]
[Round "8"]
[White "Shapiro, Daniel"]
[Black "Winter Atwell, Adrian"]
[Result "1-0"]
[WhiteTitle "FM"]
[BlackTitle "FM"]
[WhiteElo "2284"]
[BlackElo "2090"]
[WhiteFideId "2001780"]
[BlackFideId "7700750"]
[EventDate "2025.08.26"]

1. d4 d5 2. c4 e6 3. Nf3 Nf6 4. g3 c6 5. Qc2 Nbd7 6. Bg2 Bd6 7. Nbd2 O-O 8. O-O
b6 9. e4 dxe4 10. Ng5 Bb7 11. Ndxe4 Be7 12. c5 h6 13. Nxf6+ Nxf6 14. Nf3 Nd5 15.
Bd2 Bf6 16. Rac1 b5 17. b4 Re8 18. Rfe1 Qc7 19. Ne5 Bxe5 20. dxe5 Rad8 21. Ra1
a6 22. Qe4 Rd7 23. Qg4 Kh8 24. Qh5 Rb8 25. Re4 f5 26. Rh4 Kg8 27. Re1 Rf7 28.
Qg6 Ne7 29. Qxe6 Nd5 30. Qg6 Kf8 31. e6 1-0

[Event "Titled Tue 26th Aug Late"]
[Site "chess.com INT"]
[Date "2025.08.26"]
[Round "8"]
[White "Graif, William"]
[Black "Arnold, Rhys"]
[Result "1-0"]
[WhiteTitle "FM"]
[BlackTitle "FM"]
[WhiteElo "2227"]
[BlackElo "2269"]
[WhiteFideId "2609835"]
[BlackFideId "1068849"]
[EventDate "2025.08.26"]

1. e4 c5 2. Nc3 Nc6 3. Bb5 Nd4 4. Nf3 e6 5. O-O a6 6. Bd3 Nc6 7. Be2 Nf6 8. d4
cxd4 9. Nxd4 d6 10. Be3 Be7 11. Nb3 O-O 12. f4 b5 13. Bf3 Bb7 14. g4 Qc7 15. Bg2
Nd7 16. Rf3 Nc5 17. Rh3 g6 18. g5 Rfd8 19. Qg4 Nb4 20. Rc1 Nxb3 21. axb3 d5 22.
Qh4 h5 23. Bf3 Bf8 24. Bxh5 gxh5 25. Qxh5 Bg7 26. f5 exf5 27. exf5 Kf8 28. f6
Qe5 29. Qh8+ 1-0

[Event "Titled Tue 26th Aug Late"]
[Site "chess.com INT"]
[Date "2025.08.26"]
[Round "8"]
[White "Andreikin, Dmitry"]
[Black "Tang, Andrew"]
[Result "1-0"]
[WhiteTitle "GM"]
[BlackTitle "GM"]
[WhiteElo "2695"]
[BlackElo "2538"]
[WhiteFideId "4158814"]
[BlackFideId "2059630"]
[EventDate "2025.08.26"]

1. d4 d5 2. c4 e6 3. Nc3 Be7 4. cxd5 exd5 5. Bf4 c6 6. e3 Bf5 7. Nge2 Nd7 8. Ng3
Bg6 9. a3 a5 10. Be2 Ngf6 11. h4 h6 12. h5 Bh7 13. Bd3 Bxd3 14. Qxd3 O-O 15. Nf5
b5 16. g4 Nh7 17. Rc1 Rc8 18. Nxd5 Bf6 19. Nd6 Ra8 20. Rxc6 b4 21. Ke2 Bg5 22.
Qf5 Bxf4 23. Qxf4 Ng5 24. Rhc1 Ne6 25. Qf5 Nb8 26. Rb6 Nd7 27. Rb7 bxa3 28. bxa3
Rb8 29. Rcb1 Ra8 30. Kf1 Ra6 31. Nc8 Re8 32. Ncb6 Nxb6 33. Qxf7+ Kh8 34. R1xb6
Rxb6 35. Nxb6 a4 36. Kg2 Kh7 37. Kf1 Kh8 38. Nxa4 Qc8 39. Nc5 1-0

[Event "Titled Tue 26th Aug Late"]
[Site "chess.com INT"]
[Date "2025.08.26"]
[Round "8"]
[White "Padalka, Artem"]
[Black "Jin, Ashton"]
[Result "1-0"]
[WhiteTitle "CM"]
[WhiteElo "2124"]
[BlackElo "2196"]
[WhiteFideId "14118637"]
[BlackFideId "30931908"]
[EventDate "2025.08.26"]

1. d4 d5 2. Bf4 Nf6 3. e3 e6 4. Nd2 Bd6 5. Bg3 O-O 6. Bd3 b6 7. Ngf3 Ba6 8. c4
c5 9. O-O Bxg3 10. hxg3 Nbd7 11. Rc1 Rc8 12. Qa4 Nb8 13. Ne5 cxd4 14. exd4 dxc4
15. Bxc4 Qxd4 16. Ndf3 Qxb2 17. Rb1 b5 18. Bxb5 Bxb5 19. Qxb5 Qxb5 20. Rxb5 Nc6
21. Nxc6 Rxc6 22. Rb7 Ra6 23. Ra1 h6 24. a4 Nd5 25. a5 Rc8 26. Ne5 Rc7 27. Rxc7
Nxc7 28. Kf1 Rd6 29. Ke2 Nb5 30. Ke3 Kf8 31. Nd3 Ke7 32. Rb1 a6 33. Rc1 Kf6 34.
Nc5 Nd4 35. Ne4+ Ke5 36. Nxd6 Nb3 37. Rb1 Nxa5 38. Nxf7+ Kf6 39. Nd8 Nc4+ 40.
Kd4 Nd6 41. Nc6 1-0

[Event "Titled Tue 26th Aug Late"]
[Site "chess.com INT"]
[Date "2025.08.26"]
[Round "8"]
[White "Hovhannisyan, Hrayr"]
[Black "Mottola, Max"]
[Result "0-1"]
[WhiteTitle "CM"]
[WhiteElo "2203"]
[BlackElo "2183"]
[WhiteFideId "13308017"]
[BlackFideId "30985862"]
[EventDate "2025.08.26"]

1. e4 d5 2. exd5 Qxd5 3. Nc3 Qd6 4. d4 Nf6 5. Bc4 a6 6. Nge2 Qc6 7. Bb3 Qxg2 8.
Rg1 Qc6 9. d5 Qd7 10. Bg5 g6 11. Qd2 Bg7 12. O-O-O O-O 13. Bh6 c6 14. h4 cxd5
15. Bxg7 Kxg7 16. h5 Nxh5 17. Nxd5 Nf6 18. Nef4 Nc6 19. Qc3 Qf5 20. Kb1 Kh8 21.
Bc4 Qe5 22. Rge1 Qxc3 23. Nxc3 Bf5 24. Na4 Rad8 25. Nc5 b5 26. Bb3 Nd4 27. Rxe7
Nxc2 28. Rxd8 Rxd8 29. Kc1 Nb4 30. Bxf7 Rc8 31. Re5 Nd7 0-1

[Event "Titled Tue 26th Aug Late"]
[Site "chess.com INT"]
[Date "2025.08.26"]
[Round "8"]
[White "Ocampos, Ian"]
[Black "Kleibel, Uwe"]
[Result "1-0"]
[BlackTitle "FM"]
[WhiteElo "2195"]
[BlackElo "2301"]
[WhiteFideId "117544"]
[BlackFideId "1270982"]
[EventDate "2025.08.26"]

1. e4 e5 2. Nf3 Nf6 3. Nxe5 Nxe4 4. Qe2 Qe7 5. Qxe4 d6 6. d4 dxe5 7. dxe5 Nc6 8.
f4 Bg4 9. Nc3 Qb4 10. Bb5 O-O-O 11. Qxb4 Bxb4 12. Bd2 f6 13. Bxc6 bxc6 14. h3
Bf5 15. O-O-O fxe5 16. g4 Bxc3 17. Bxc3 Be4 18. Rxd8+ Rxd8 19. Re1 Bg2 20. fxe5
Bxh3 21. Re4 g6 22. b3 h5 23. gxh5 gxh5 24. e6 Re8 25. e7 Kd7 26. Bf6 Bg4 27.
Rd4+ Ke6 28. Rd8 Kf7 29. Bh4 a6 30. Kd2 Bf5 31. c3 Be6 32. c4 Bf5 33. Kc3 c5 34.
a3 Be6 35. b4 cxb4+ 36. Kxb4 c6 37. c5 Bd5 38. Ka5 Bc4 39. Kb6 Bb5 40. Kc7 Ba4
41. Kd7 1-0

[Event "Titled Tue 26th Aug Late"]
[Site "chess.com INT"]
[Date "2025.08.26"]
[Round "8"]
[White "Mekhitarian, Krikor Sevag"]
[Black "Bortnyk, Olexandr"]
[Result "0-1"]
[WhiteTitle "GM"]
[BlackTitle "GM"]
[WhiteElo "2549"]
[BlackElo "2601"]
[WhiteFideId "2107660"]
[BlackFideId "14120828"]
[EventDate "2025.08.26"]

1. Nf3 e6 2. c4 b6 3. d4 Bb7 4. Nc3 Bb4 5. Bd2 f5 6. d5 Nf6 7. g3 Qe7 8. Bg2 Na6
9. O-O O-O 10. Nd4 Bxc3 11. Bxc3 Nc5 12. Qc2 a5 13. Rad1 Nfe4 14. b3 Nxc3 15.
Qxc3 e5 16. d6 cxd6 17. Nb5 Bxg2 18. Kxg2 f4 19. Qd2 e4 20. Qxd6 f3+ 21. exf3
exf3+ 22. Kg1 Qg5 23. Qd5+ Qxd5 24. Rxd5 Rae8 25. Rd6 Re2 26. Nc3 Rc2 27. Nd5
Rxa2 28. Nxb6 Re8 29. Nxd7 Ne4 30. Rd3 Nd2 31. Rd1 Re2 32. c5 Rc2 33. h4 h5 34.
Ne5 Ne4 35. Rxf3 Nxf2 36. Rd8+ Kh7 37. Nf7 Re1+ 38. Kg2 Ng4+ 0-1

[Event "Titled Tue 26th Aug Late"]
[Site "chess.com INT"]
[Date "2025.08.26"]
[Round "8"]
[White "Janaszak, Dawid"]
[Black "Purygin, Andrei"]
[Result "1-0"]
[WhiteTitle "FM"]
[BlackTitle "FM"]
[WhiteElo "2306"]
[BlackElo "2309"]
[WhiteFideId "1119206"]
[BlackFideId "24111180"]
[EventDate "2025.08.26"]

1. e4 e5 2. Nc3 Nf6 3. Bc4 Nxe4 4. Qh5 Nd6 5. Bb3 g6 6. Qxe5+ Qe7 7. Qxe7+ Bxe7
8. Nd5 Bd8 9. Nf3 O-O 10. O-O c6 11. Nf4 Nf5 12. c4 d6 13. d4 Nd7 14. Bd2 Nf6
15. Rfe1 Bc7 16. d5 cxd5 17. cxd5 Bd7 18. Bc3 Nh5 19. Ne6 Rfc8 20. g4 fxe6 21.
dxe6 Bc6 22. e7+ d5 23. gxf5 gxf5 24. Rad1 Nf4 25. Be5 Bxe5 26. Rxe5 Re8 27.
Rxf5 Ne2+ 28. Kf1 Rxe7 29. Re1 Rae8 30. Bxd5+ Bxd5 31. Rxd5 Nf4 32. Rg5+ Kh8 33.
Rxe7 Rxe7 34. Rf5 Nd3 35. b3 Nc1 36. Ra5 b6 37. Ra4 Rc7 38. Ne5 Rc2 39. Rxa7
Nxa2 40. Rb7 Nc3 41. Rxb6 Ne4 42. Nd3 Rc3 43. Rb8+ Kg7 44. Rb7+ Kf6 45. Nf4 Rf3
46. Nd5+ Ke5 47. Ne3 Rxf2+ 48. Ke1 Rb2 49. Nc4+ Kd4 50. Nxb2 Kc3 51. Nd1+ Kc2
52. b4 Kb1 53. b5 Ka2 54. Rxh7 Nc3 55. Nxc3+ 1-0

[Event "Titled Tue 26th Aug Late"]
[Site "chess.com INT"]
[Date "2025.08.26"]
[Round "8"]
[White "Carlsen, Magnus"]
[Black "Erigaisi, Arjun"]
[Result "1-0"]
[WhiteTitle "GM"]
[BlackTitle "GM"]
[WhiteElo "2839"]
[BlackElo "2776"]
[WhiteFideId "1503014"]
[BlackFideId "35009192"]
[EventDate "2025.08.26"]

1. d4 Nf6 2. c3 b6 3. Bg5 e6 4. e4 Bb7 5. Nd2 h6 6. Bxf6 Qxf6 7. Bd3 g6 8. Ne2
Bg7 9. O-O O-O 10. f4 c5 11. e5 Qe7 12. Nc4 d5 13. Nd6 Ba6 14. Bxa6 Nxa6 15. g4
f5 16. gxf5 gxf5 17. Kh1 Nc7 18. Rg1 Ne8 19. Nxe8 Raxe8 20. Ng3 Kh7 21. Qh5 Qf7
22. Qh4 Rg8 23. Nh5 Bh8 24. Rg3 Rxg3 25. hxg3 cxd4 26. cxd4 Rc8 27. Rg1 Qg6 28.
Qe7+ Kg8 29. Qh4 Kh7 30. Rg2 Bg7 31. Kh2 Qg4 32. Qxg4 fxg4 33. f5 exf5 34. Nf4
h5 35. Re2 Kh6 36. Nxd5 Rd8 37. e6 1-0

[Event "Titled Tue 26th Aug Late"]
[Site "chess.com INT"]
[Date "2025.08.26"]
[Round "8"]
[White "Vazelakis, Dimitrios"]
[Black "Alazmi, Amani"]
[Result "0-1"]
[BlackTitle "WCM"]
[WhiteElo "1858"]
[BlackElo "1745"]
[WhiteFideId "4203674"]
[BlackFideId "10303553"]
[EventDate "2025.08.26"]

1. d4 d5 2. Nf3 e6 3. g3 Nf6 4. Bg2 Be7 5. O-O O-O 6. c4 c6 7. Qc2 Nbd7 8. Nbd2
b6 9. e4 dxe4 10. Nxe4 Nxe4 11. Qxe4 Bb7 12. h4 Nf6 13. Qc2 Qc7 14. Bf4 Bd6 15.
Bxd6 Qxd6 16. c5 Qc7 17. Rfd1 Rfd8 18. Ne5 Rac8 19. Qe2 Nd5 20. h5 h6 21. Bh3
Nf6 22. Nxf7 Re8 23. Nd6 bxc5 24. Bxe6+ Kh8 25. Nxe8 Rxe8 26. Re1 Bc8 27. Qc4
Nxh5 28. Bxc8 Rxc8 29. Qxc5 Nxg3 30. Qe7 Qf4 31. Re3 Nf5 32. Qe6 Qg4+ 33. Rg3
Qf4 34. Qxc8+ Kh7 35. Rf1 Nxg3 36. fxg3 Qxg3+ 37. Kh1 Qh4+ 38. Kg2 Qg5+ 39. Kf3
Qf6+ 40. Ke2 Qe7+ 41. Kd1 g6 42. Qf8 Qxf8 43. Rxf8 h5 44. Ke2 g5 45. Kf3 Kg7 46.
Rc8 Kg6 47. Rxc6+ Kf5 48. Rc5+ Kg6 49. Ke4 h4 50. Rc2 Kh5 51. Kf3 g4+ 52. Kg2
Kg5 53. d5 Kf4 54. d6 h3+ 55. Kh2 Kf3 0-1

[Event "Titled Tue 26th Aug Late"]
[Site "chess.com INT"]
[Date "2025.08.26"]
[Round "8"]
[White "Lai, Duc Minh"]
[Black "Kawka, Milena"]
[Result "0-1"]
[BlackTitle "WCM"]
[WhiteElo "2121"]
[BlackElo "2017"]
[WhiteFideId "12420387"]
[BlackFideId "21095167"]
[EventDate "2025.08.26"]

1. e4 d6 2. d4 Nf6 3. Nc3 e5 4. Nge2 Nbd7 5. g3 g6 6. Bg2 Bg7 7. O-O O-O 8. h3
c6 9. Kh2 exd4 10. Nxd4 Nc5 11. Nb3 Re8 12. Nxc5 dxc5 13. Qxd8 Rxd8 14. Bg5 h6
15. Be3 b6 16. Rad1 Be6 17. f4 Bc4 18. Rfe1 Be6 19. Bf2 h5 20. e5 Nd5 21. Ne4
Nb4 22. Nd6 Bf8 23. c3 Nd5 24. Rd2 Bxd6 25. exd6 c4 26. f5 gxf5 27. Bf3 h4 28.
gxh4 Rxd6 29. Rg1+ Kh7 30. Bd4 Rg8 31. Rdg2 Rdd8 32. Rg7+ Rxg7 33. Rxg7+ Kh6 34.
Kg3 f4+ 35. Kf2 c5 36. Be5 f6 37. Bxd5 Kxg7 38. Bxe6 fxe5 39. Bxc4 e4 40. Ke2
Kf6 41. Bb5 Rh8 42. Bc6 Ke5 43. Kf2 Rxh4 44. Kg2 e3 45. Bf3 Rh6 46. Bg4 Ke4 47.
Bf3+ Kd3 48. Kf1 Rxh3 49. Be2+ Kd2 50. Bg4 Rh1+ 51. Kg2 e2 52. Bxe2 Kxe2 53.
Kxh1 f3 0-1

[Event "Titled Tue 26th Aug Late"]
[Site "chess.com INT"]
[Date "2025.08.26"]
[Round "8"]
[White "Rorrer, Grayson"]
[Black "Kavyev, Ruslan"]
[Result "1-0"]
[WhiteTitle "IM"]
[BlackTitle "FM"]
[WhiteElo "2426"]
[BlackElo "2179"]
[WhiteFideId "30944996"]
[BlackFideId "34110981"]
[EventDate "2025.08.26"]

1. c4 g6 2. Nc3 Bg7 3. g3 Nf6 4. Bg2 O-O 5. e4 c5 6. Nge2 Nc6 7. O-O d6 8. d3
Ne8 9. Rb1 Nc7 10. a3 a5 11. Be3 Ne6 12. Nb5 Bd7 13. b3 a4 14. bxa4 Qa5 15. Qc1
Qxa4 16. Nec3 Qa5 17. Nd5 Qd8 18. f4 Ned4 19. Nxd4 Nxd4 20. Kh1 e6 21. Nc3 Bc6
22. Nb5 Bxb5 23. cxb5 Qa5 24. e5 dxe5 25. fxe5 Qxa3 26. Bxb7 Qxd3 27. Rd1 Qe2
28. Rb2 Qg4 29. Rf1 Rab8 30. Bg2 Bxe5 31. Qxc5 Bg7 32. h3 Qxg3 33. Bxd4 Rbc8 34.
Qb4 Qh4 35. Bxg7 Qxb4 36. Rxb4 Kxg7 37. b6 Rb8 38. b7 h5 39. Ra1 Kf6 40. Ra8 Ke7
41. Rd4 f5 42. Bc6 f4 43. Rd7+ Kf6 44. Rc7 Kg5 45. Rc8 Rfxc8 46. bxc8=Q Rxc8 47.
Rxc8 1-0

[Event "Titled Tue 26th Aug Late"]
[Site "chess.com INT"]
[Date "2025.08.26"]
[Round "8"]
[White "Caruana, Fabiano"]
[Black "Kravtsiv, Martyn"]
[Result "0-1"]
[WhiteTitle "GM"]
[BlackTitle "GM"]
[WhiteElo "2784"]
[BlackElo "2598"]
[WhiteFideId "2020009"]
[BlackFideId "14113147"]
[EventDate "2025.08.26"]

1. c4 e6 2. Nc3 d5 3. d4 Nf6 4. cxd5 exd5 5. Bg5 Be7 6. e3 O-O 7. Bd3 h6 8. Bh4
Re8 9. Nge2 c6 10. O-O Nbd7 11. Qc2 a5 12. a3 b5 13. Rac1 Ba6 14. h3 Qb6 15.
Rfe1 Bf8 16. Bg3 c5 17. Nf4 Qb7 18. dxc5 Nxc5 19. Be2 Rac8 20. Qd1 Rcd8 21. Bh2
g5 22. Nh5 Nxh5 23. Bxh5 d4 24. exd4 Rxe1+ 25. Qxe1 Nd3 26. Qe3 Nxc1 27. Qxc1
Rxd4 28. Be5 Rd3 29. Be2 Rd8 30. Qe3 Re8 31. Qd4 Qe7 32. Bf6 Qc5 33. Qd7 Re6 34.
Bd4 Qd6 35. Qxd6 Rxd6 36. Be3 b4 37. Nb5 Bxb5 38. Bxb5 bxa3 39. bxa3 Rd1+ 40.
Kh2 Bxa3 41. Kg3 Rd5 42. Ba4 Bc5 0-1

[Event "Titled Tue 26th Aug Late"]
[Site "chess.com INT"]
[Date "2025.08.26"]
[Round "8"]
[White "Chahin Godoy, Angel Eduardo"]
[Black "Demaria, Juan Pablo"]
[Result "1-0"]
[WhiteTitle "CM"]
[BlackTitle "FM"]
[WhiteElo "2002"]
[BlackElo "2215"]
[WhiteFideId "8404925"]
[BlackFideId "104922"]
[EventDate "2025.08.26"]

1. e4 c5 2. Nc3 d6 3. d4 cxd4 4. Qxd4 a6 5. b3 e6 6. Bb2 Nf6 7. f4 Be7 8. O-O-O
Qa5 9. Nf3 O-O 10. g4 Nxg4 11. Nd5 Bf6 12. Nxf6+ Nxf6 13. Rg1 Nbd7 14. Qxd6 g6
15. f5 Nxe4 16. Qd4 Ndf6 17. fxg6 hxg6 18. Bd3 Rd8 19. Qe3 Nc3 20. Qh6 Nxa2+ 21.
Kb1 Nc3+ 22. Bxc3 Qxc3 23. Bxg6 Rxd1+ 24. Rxd1 fxg6 25. Qxg6+ Kf8 26. Ng5 Qc7
27. Qxf6+ Kg8 28. Rg1 Qg7 29. Nf3 Qxg1+ 30. Nxg1 Bd7 31. Qe7 Bc6 32. Qxe6+ Kf8
33. Ne2 Re8 34. Qf6+ Kg8 35. Nd4 Bd5 36. Nf5 Re1+ 37. Kb2 Rg1 38. Ne7+ Kh7 39.
Nxd5 Rg6 40. Qf5 Kh6 41. Ne7 Rg7 42. Qf6+ Kh7 43. Nf5 Rg6 44. Qf7+ 1-0

[Event "Titled Tue 26th Aug Late"]
[Site "chess.com INT"]
[Date "2025.08.26"]
[Round "8"]
[White "Hua, Lefong"]
[Black "Goldin, Roman"]
[Result "1-0"]
[WhiteTitle "FM"]
[BlackTitle "FM"]
[WhiteElo "2305"]
[BlackElo "2284"]
[WhiteFideId "2602253"]
[BlackFideId "2803860"]
[EventDate "2025.08.26"]

1. d4 Nf6 2. c4 Nc6 3. Nf3 d6 4. g3 e5 5. dxe5 Nxe5 6. Nxe5 dxe5 7. Qxd8+ Kxd8
8. Bg2 c6 9. O-O Kc7 10. Nc3 Nd7 11. b3 a5 12. Bb2 f6 13. Rad1 Nc5 14. Ne4 Be6
15. f4 Nxe4 16. Bxe4 Bc5+ 17. Kg2 exf4 18. gxf4 a4 19. f5 Bf7 20. Rd3 axb3 21.
axb3 Rhe8 22. Bf3 Ra2 23. Rfd1 Rxb2 24. Rd7+ Kb6 25. Rxf7 Re7 26. Rd7 Rxf7 27.
Rxf7 Rxb3 28. Rxg7 Rc3 29. Rxh7 Rxc4 30. h4 Be3 31. h5 Rf4 32. Re7 Bc5 33. Rf7
Rxf5 34. h6 Rg5+ 35. Kh3 Rg6 36. h7 Rh6+ 37. Kg4 f5+ 38. Kxf5 Bd4 39. e4 Ka6 40.
e5 b5 41. Rc7 Ka5 42. Bxc6 Rh5+ 43. Kg4 Rxe5 44. h8=Q Re4+ 45. Kf3 Bxh8 46. Kxe4
b4 47. Rb7 1-0

[Event "Titled Tue 26th Aug Late"]
[Site "chess.com INT"]
[Date "2025.08.26"]
[Round "8"]
[White "Przybylski, Wojciech"]
[Black "Chen, Yidong"]
[Result "1-0"]
[WhiteTitle "FM"]
[WhiteElo "2340"]
[BlackElo "2068"]
[WhiteFideId "1117599"]
[BlackFideId "8607028"]
[EventDate "2025.08.26"]

1. e4 c6 2. Nc3 d5 3. d4 dxe4 4. Nxe4 Bf5 5. Nc3 Nf6 6. g3 e6 7. Bg2 Bb4 8. Ne2
O-O 9. O-O Nbd7 10. a3 Be7 11. Re1 Re8 12. h3 h6 13. Kh2 Bd6 14. Bf4 e5 15. dxe5
Nxe5 16. Qd4 Qc7 17. Rad1 Red8 18. Qd2 Nc4 19. Qc1 Nb6 20. Rxd6 Rxd6 21. Nd4 Bg6
22. Ndb5 cxb5 23. Nxb5 Qxc2 24. Qxc2 Bxc2 25. Nxd6 Nbd5 26. Be5 Bb3 27. Nxb7 Re8
28. Nd6 Re6 29. Nf5 Nd7 30. Nd4 Rxe5 31. Rxe5 Nxe5 32. Nxb3 Nb6 33. Nc1 Nbc4 34.
f4 Nd7 35. Nd3 Ndb6 36. Bc6 Kf8 37. Kg1 Ke7 38. Kf2 Kd6 39. Be8 f6 40. Kf3 Nd5
41. Ke4 Nd2+ 42. Kf5 Ne7+ 43. Kg4 g6 44. h4 h5+ 45. Kh3 Kd5 46. Kg2 Kd4 47. Bb5 1-0

[Event "Titled Tue 26th Aug Late"]
[Site "chess.com INT"]
[Date "2025.08.26"]
[Round "8"]
[White "Gasparyan, David"]
[Black "Sakhayi, Mostafa"]
[Result "1-0"]
[BlackTitle "CM"]
[WhiteElo "2194"]
[BlackElo "2166"]
[WhiteFideId "13311980"]
[BlackFideId "12512532"]
[EventDate "2025.08.26"]

1. d4 Nf6 2. Nf3 d5 3. Bg5 Ne4 4. Bf4 c5 5. dxc5 e6 6. e3 Bxc5 7. Bd3 O-O 8. O-O
Nc6 9. a3 Qe7 10. Ne5 Nxe5 11. Bxe5 f6 12. Bd4 Bd6 13. c4 e5 14. Bc3 Nxc3 15.
Nxc3 dxc4 16. Bxc4+ Be6 17. Bd5 Rfd8 18. Qb3 Bxd5 19. Nxd5 Qf7 20. Rfd1 Rac8 21.
h3 h5 22. Rd2 Bc5 23. Rad1 Kf8 24. Qa4 a6 25. Qe4 Kg8 26. Qf5 Rf8 27. b4 g6 28.
Qf3 Ba7 29. Qe4 Bb8 30. Nb6 f5 31. Qh4 Rc7 32. Rd7 Qf6 33. Qxf6 Rxf6 34. Rd8+
Rf8 35. Rxf8+ Kxf8 36. Rd8+ Ke7 37. Rxb8 Rc1+ 38. Kh2 e4 39. Rxb7+ Kd6 40. Rg7
Rc2 41. Rxg6+ Ke5 42. Nd7+ Kd5 43. Kg3 Ra2 44. Rxa6 1-0

[Event "Titled Tue 26th Aug Late"]
[Site "chess.com INT"]
[Date "2025.08.26"]
[Round "8"]
[White "Federer, Colin"]
[Black "Ciocan, Maria-Alexandra"]
[Result "1-0"]
[WhiteTitle "FM"]
[BlackTitle "WCM"]
[WhiteElo "2294"]
[BlackElo "1998"]
[WhiteFideId "1345117"]
[BlackFideId "1227130"]
[EventDate "2025.08.26"]

1. e4 e6 2. d4 d5 3. Nc3 Nf6 4. e5 Nfd7 5. f4 c5 6. Nf3 Nc6 7. Be3 cxd4 8. Nxd4
Bc5 9. Qd2 O-O 10. O-O-O a6 11. Kb1 Nxd4 12. Bxd4 Qc7 13. h4 b5 14. h5 Nb6 15.
h6 g6 16. g4 b4 17. Ne2 Nc4 18. Qd3 a5 19. f5 exf5 20. Nf4 Be6 21. Rg1 Rac8 22.
gxf5 Bxd4 23. Nxe6 fxe6 24. fxg6 Nxb2 25. gxh7+ Kh8 26. Qg6 Nxd1 27. Qg7+ Qxg7
28. hxg7+ Kxh7 29. Bd3+ Kg8 30. gxf8=Q+ Kxf8 31. Rxd1 Bxe5 32. Re1 Bc3 33. Rxe6
Kf7 34. Re2 Rg8 35. Rf2+ Ke7 36. Rf1 Kd6 37. a4 Rb8 38. Ka2 Kc5 39. Kb3 Re8 40.
Bb5 Re7 41. Rf5 Kd6 42. Rf1 Re3 43. Ka2 1-0

[Event "Titled Tue 26th Aug Late"]
[Site "chess.com INT"]
[Date "2025.08.26"]
[Round "8"]
[White "Kovacs, Reka"]
[Black "Miserendino, Alfredo"]
[Result "0-1"]
[WhiteTitle "WCM"]
[WhiteElo "1915"]
[BlackElo "2032"]
[WhiteFideId "790702"]
[BlackFideId "101800"]
[EventDate "2025.08.26"]

1. e4 c5 2. Nf3 e6 3. d4 cxd4 4. Nxd4 Bc5 5. Nb3 Bb6 6. c4 Ne7 7. Nc3 O-O 8. Be2
f5 9. O-O fxe4 10. c5 Bc7 11. Nxe4 Nbc6 12. Nd6 Nf5 13. Nxf5 Rxf5 14. Be3 b6 15.
cxb6 Bxb6 16. Qd2 Bxe3 17. Qxe3 Qb6 18. Qxb6 axb6 19. Bf3 Bb7 20. Rfd1 Rd8 21.
Nd4 Nxd4 22. Bxb7 Ne2+ 23. Kf1 Nf4 24. Be4 Re5 25. Bf3 d5 26. Re1 Rxe1+ 27. Rxe1
Kf7 28. Rc1 Rd6 29. Rc7+ Kf6 30. g3 Nd3 31. b3 e5 32. Be2 Nc5 33. b4 Ne6 34. Rc8
e4 35. Ke1 d4 36. Bc4 Ng5 37. h4 Nf3+ 38. Ke2 h6 39. Rf8+ Ke5 40. Re8+ Kf6 41.
Rxe4 Ne5 42. Rf4+ Ke7 43. Re4 Kf6 44. f4 Nxc4 45. Kd3 Nb2+ 46. Kc2 Nc4 47. Kd3
b5 48. a4 Nb2+ 49. Kc2 Nxa4 0-1

[Event "Titled Tue 26th Aug Late"]
[Site "chess.com INT"]
[Date "2025.08.26"]
[Round "8"]
[White "Khlebovich, Alexander"]
[Black "Sarana, Alexey"]
[Result "0-1"]
[WhiteTitle "IM"]
[BlackTitle "GM"]
[WhiteElo "2423"]
[BlackElo "2691"]
[WhiteFideId "4169123"]
[BlackFideId "24133795"]
[EventDate "2025.08.26"]

1. d4 Nf6 2. c4 e6 3. Nf3 d5 4. g3 Be7 5. Bg2 O-O 6. O-O dxc4 7. Ne5 Nbd7 8.
Nxc4 Nb6 9. Na5 c6 10. a3 Re8 11. b4 Bd6 12. Bb2 Qe7 13. Nd2 e5 14. dxe5 Bxe5
15. Bxe5 Qxe5 16. e3 Bg4 17. Qc1 Re7 18. Ndc4 Qh5 19. Nd6 Bh3 20. Ndxb7 Ng4 21.
Qxc6 Rc8 22. Qf3 Bxg2 23. Qxg2 Ne5 24. Rac1 Nf3+ 25. Kh1 f5 26. Rxc8+ Nxc8 27.
Nc5 Nd6 28. Nd3 g5 29. Nb3 Nc4 30. Nd4 Ncd2 31. Rc1 g4 32. Ne1 Kg7 33. Rd1 Re4
34. Nd3 Qf7 35. Nf4 Qa2 36. h3 Nxd4 37. exd4 Qc2 38. Rg1 Nf3 39. Rf1 Re8 40. d5
Kf6 41. Nh5+ Kg5 42. Nf4 h5 43. Ne6+ Kh6 44. Nf4 Re4 45. d6 Rd4 0-1